000 01839nam a2200277 a 4500
001 000027497
003 OSt
005 20260305073951.0
008 110401s1984 dr 000 0 spa d
040 _aDO-SdBNP
_bspa
_cBNPHU
082 4 _a330.97293
_bP739p
_222
245 0 0 _aPoblación y pobreza en la República Dominicana /
_ceditor Frank Moya Pons.
260 _aSanto Domingo :
_bFORUM,
_c1984.
300 _a199p. ;
_c22 cm.
490 _aFORUM
_v12
500 _aEste libro recoge las exposiciones que fueron presentadas en el Encuentro sobre la Población y la Pobreza en la República Dominicana, celebrado por FORUM en el Hotel Santo Domingo Sheraton, el jueves 12 de diciembre de 1983.
505 0 _aPresentación --
_tPalabras de Eduardo Latorre --
_tIntroducción /
_rFrank Moya Pons --
_tLa economía agraria, la pobreza y la población en la República Dominicana /
_rPablo Rodríguez Núñez --
_tCambios en los niveles de vida en la República Dominicana /
_rJulio Cross Beras --
_tCambios en los niveles de ingresos y patrones de consumo, según extractos poblacionales de ingresos, 1976 -1977 /
_rGumersindo del Rosario Mota y Patria Stella Madera Daniel --
_tPlanificación familiar, crecimiento demográfico y condiciones de vida en la República Dominicana. Planteamiento de una política población y desarrollo /
_rNelson Ramírez.
590 _aInventariado, 2018/ YL
650 4 _aPobreza
_zRepública Dominicana
_954578
_vCongresos, conferencias, etc.
651 4 _aRepública Dominicana
_xPoblación
_xCondiciones económicas
_954579
_vCongresos, conferencias, etc.
651 4 _aRepública Dominicana
_xPolítica de población
_954580
_vCongresos, conferencias, etc.
700 1 2 _aMoya Pons, Frank,
_d1944-
_eed.
_92095
830 _aFORUM
_n12
_954581
910 _aValidado. Control de calidad MFF
942 _2ddc
_cLF1
999 _c26989
_d26989